00457cam a22001337a 4500008004000000020001500040245008300055260003900138300001000177700001700187700002600204999001900230952007400249180718b2005 xxu||||| |||| 00| 0 eng d a8178814897 aSpirituality in the workplacecedited by C. Vijaychandra Kumar and K. Sreenath aHyderabadbICFAI Univ. Pressc2005 a201p. aSreenath, K. aC. Vijaychandra Kumar c404856d404856 00104070aIIPAbIIPAd2005-12-13p80727r2018-07-21w2018-07-21yBK